Statistics for Countries Invaded by USSR

Click here to take the quiz!

General Stats

  • This quiz has been taken 33,416 times
    (32,438 since last reset)
  • The average score is 11 of 14

Answer Stats

YearCountry% Correct
1939Poland
96%
1945Germany
94%
1939Finland
88%
1944, 1956Hungary
82%
1940Romania
80%
1940Estonia
79%
1940Latvia
79%
1979Afghanistan
79%
1940Lithuania
78%
1944Bulgaria
73%
1968Czechoslovakia
70%
1945Austria
68%
1945Japan
67%
1941Iran
47%

Score Distribution

Percentile by Number Answered

Percent of People with Each Score

Your Score History

You have not taken this quiz since the last reset